Nowy slownik angielsko-polski polsko-angielski = New dictionary English-Polish Polish-English
Αποθηκεύτηκε σε:
| Κύριος συγγραφέας: | |
|---|---|
| Άλλοι συγγραφείς: | |
| Μορφή: | Βιβλίο |
| Γλώσσα: | Polish English |
| Δημοσίευση: |
Warszawa :
Wydawnictwo WILGA,
2001.
|
| Έκδοση: | 2η ανάθ. έκδ. |
| Θέματα: | |
| Ετικέτες: |
Προσθήκη ετικέτας
Δεν υπάρχουν, Καταχωρήστε ετικέτα πρώτοι!
|
MARC
| LEADER | 00000cam a2200000 i 4500 | ||
|---|---|---|---|
| 001 | 1/86655 | ||
| 008 | 080527s2001####pl | | ||| |||| ||pol|| | ||
| 020 | |a 8371567022 | ||
| 035 | |l 10097700 | ||
| 040 | |a GR-MY-UA |b gre |e aacr | ||
| 041 | 0 | |a pol |a eng | |
| 082 | 0 | |a 491.85 |2 (22) | |
| 100 | 1 | |a Piotrowki, Tadeusz. | |
| 245 | 1 | 0 | |a Nowy slownik angielsko-polski polsko-angielski = |b New dictionary English-Polish Polish-English / |c Tadeusz Piotrowki, Zygmunt Saloni. |
| 246 | 1 | |i Παράλληλος τίτλος: |a New dictionary english-polish polish-english | |
| 250 | |a 2η ανάθ. έκδ. | ||
| 260 | |a Warszawa : |b Wydawnictwo WILGA, |c 2001. | ||
| 300 | |a 792 σ. ; |c 17 εκ. | ||
| 650 | 0 | 0 | |a English language |x Dictionaries |x Polish. |
| 650 | 0 | 0 | |a Polish language |x Dictionaries |x English. |
| 700 | 1 | |a Saloni, Zygmunt |d 1938- | |
| 852 | |a INST |b LESVOS |e 20080527 |h 491.85 PIO |p 005100039966 |q 005100039966 |t REF |y 23 | ||
| 901 | |a BIBL1-2008-2 | ||
| 909 | |a Λ |b 130063 | ||
| 920 | |a Wieszaczewska |b Agnieszka |y Λέσβος |z 2008-04 | ||
| 970 | |a ΤΖΑΦΕΡΗ |b ΕΥΑΓΓΕΛΙΑ |z 2008/05/27 | ||